000 00380 a2200169 4500
001 189526
020 _a978-85-7542-822-1
040 _cMagnum
100 _aCoelho, Paulo
240 1 0 _aManuscrito encontrado em accra
_lpor
245 1 0 _aManuscrito encontrado em accra
300 _a176
362 0 _a2012
440 1 _aSextante
697 _aLITERATURA GERAL
942 _cBK
999 _c189526
_d189526